000
00311nam a2200097Ia 4500
005
20250424112907.0
008
250424s9999 xx 000 0 und d
300
_a
v. ; 29 cm.
650
_a
Teaching--Nigeria--Periodicals. Teachers--Training of--Nigeria--Periodicals. Education--Nigeria--Periodicals.
942
_c
SR
999
_c
37741
_d
37741